The strange case of Dr Jekyll and Mr Hyde

Bibliographic Details
Main Author: Stevenson, Robert Louis , 1850-1894 (Author)
Format: Book
Published: Essex, England : Longman , 1978
Edition:3rd ed

MARC

LEADER 00000cam a2200000 7i4500
001 0000003550
005 20200921093000.0
008 021118s1978
020 |a 0582525470 
090 0 0 |a PR5484.S8   |b S6 f 
100 0 |a Stevenson, Robert Louis ,   |d 1850-1894 ,   |e author 
245 1 4 |a The strange case of Dr Jekyll and Mr Hyde   |c R. L. Stevenson   |f edited by C. Kingsley Williams and revised by A. G. Eyre 
250 |a 3rd ed 
260 2 |a Essex, England :   |b Longman ,   |c 1978 
300 |a 73 p. ;   |c 19 cm. 
999 |a 1000058338   |b Book   |c OPEN SHELF (30 DAYS)   |e Gong Badak Campus